000
00321nam a2200133Ia 4500
008
191201s2014 xx 000 0 und d
100
_a
ASWATHAPPA, K
245
0
_a
Organisational Behaviour
250
_a
Rep
260
_c
2014
_b
Himalaya Publication House
_a
New Delhi
300
_a
766
650
_a
MBA
942
_2
ddc
_c
BB
999
_c
7648
_d
7648